The Ciba collection of medical illustrations vol. 7 respiratory system : (Record no. 119564)

MARC details
000 -LEADER
fixed length control field 01009nam a2200253J 4500
008 - FIXED-LENGTH DATA ELEMENTS--GENERAL INFORMATION
fixed length control field
020 ## - INTERNATIONAL STANDARD BOOK NUMBER
International Standard Book Number 0914168096 (hbk.)
049 ## - LOCAL HOLDINGS (OCLC)
Holding library MAIN
090 ## - LOCALLY ASSIGNED LC-TYPE CALL NUMBER (OCLC); LOCAL CALL NUMBER (RLIN)
Classification number (OCLC) (R) ; Classification number, CALL (RLIN) (NR) RB33
Local cutter number (OCLC) ; Book number/undivided call number, CALL (RLIN) NET
003 - CONTROL NUMBER IDENTIFIER
control field
005 - DATE AND TIME OF LATEST TRANSACTION
control field 20230120204232.0
040 ## - CATALOGING SOURCE
Transcribing agency NUST
100 1# - MAIN ENTRY--PERSONAL NAME
Personal name Netter, Frank H.
Fuller form of name (Frank Henry),
Dates associated with a name 1906-1991
245 14 - TITLE STATEMENT
Title The Ciba collection of medical illustrations vol. 7 respiratory system :
Remainder of title a compilation of paintings depicting anatomy and embryology, physiology, pathology, pathophysiology and clinical features and treatment of diseases/
Statement of responsibility, etc. prepared by Frank H. Netter.
260 ## - PUBLICATION, DISTRIBUTION, ETC.
Place of publication, distribution, etc. Summit, New Jersey :
Name of publisher, distributor, etc. CIBA Pharmaceutical Company,
Date of publication, distribution, etc. 1979.
300 ## - PHYSICAL DESCRIPTION
Extent xv, 328 p. :
Other physical details col. ill. ;
Dimensions 32 cm.
500 ## - GENERAL NOTE
General note Includes index.
504 ## - BIBLIOGRAPHY, ETC. NOTE
Bibliography, etc. note Includes bibliographical references.
650 #0 - SUBJECT ADDED ENTRY--TOPICAL TERM
Topical term or geographic name entry element Anatomy, Pathological
General subdivision Atlases.
650 #0 - SUBJECT ADDED ENTRY--TOPICAL TERM
Topical term or geographic name entry element Human anatomy
Form subdivision Atlases.
710 2# - ADDED ENTRY--CORPORATE NAME
Corporate name or jurisdiction name as entry element Ciba Pharmaceutical Products.
907 ## - LOCAL DATA ELEMENT G, LDG (RLIN)
a .b10394412
b 30-10-18
c 30-10-18
942 ## - ADDED ENTRY ELEMENTS (KOHA)
Koha item type Ordinary Loan Books
Call number prefix RB33
Call number suffix NET
Holdings
Date last seen Total Checkouts Full call number Barcode Cost, replacement price Price effective from Koha item type Lost status Source of classification or shelving scheme Damaged status Not for loan Collection Withdrawn status Home library Current library Shelving location Date acquired Cost, normal purchase price
01/20/2023   RB33 NET 92004045427 80.00 01/20/2023 BOOKS   LCC     NFIC   Medical Medical GEN 01/20/2023 80.00